000
00269nam a2200121Ia 4500
008
241002s9999 xx 000 0 und d
082
_a
824 ARB
100
_a
Arberry, A.J
245
0
_a
Oriental Essays
260
_a
London:
_c
1960
600
_a
Literature
942
_c
UC
999
_c
18721
_d
18721